000 01157nab a22002297a 4500
999 _c5893
_d5893
003 OSt
005 20260109234119.0
008 190605e xxu||||| |||| 00| 0 spa d
040 _cPJ
100 _96769
_aBes, E. Damián
245 1 0 _aSobre la IA fuerte, sus desafíos y aplicación en el mundo laboral /
_cE. Damián Bes, Iván G. Lupinacci.
260 _aCiudad Autónoma de Buenos Aires :
_bThomson Reuters La Ley,
_c2023.
300 _ap. 92-99
500 _aCita: TR LALEY AR/DOC/1344/2023.
505 _aSumario: I. Introducción.— II. Inteligencia artificial.— III. De advertencias, preocupaciones genuinas e intereses ocultos.— IV. La IA en el derecho del trabajo.— V. La necesidad urgente de una regulación.— VI. Conclusión.
505 _t¿Te interesa el texto completo? Solicitalo al correo: koha@justierradelfuego.gov.ar
650 0 _91316
_aDERECHO LABORAL
650 0 _9289
_aTECNOLOGIA DE LA INFORMACION
650 0 _95817
_aINTELIGENCIA ARTIFICIAL
773 0 _02711
_93168
_dCiudad Autónoma de Buenos Aires : Thomson Reuters La Ley, 1999-2002.
_tRevista de derecho del trabajo. Nº 4 - Julio 2023
942 _2udc
_cANA